Sinh lí học; T1

Bewaard in:
Bibliografische gegevens
Hoofdauteur: Nguyễn Tấn Gi Trọng
Formaat: Boek
Taal:Undetermined
Gepubliceerd in: Hà Nội Y học thể dục thể thao 1970
Onderwerpen:
Tags: Voeg label toe
Geen labels, Wees de eerste die dit record labelt!
Thư viện lưu trữ: Trung tâm Học liệu Trường Đại học Cần Thơ
LEADER 00545nam a2200181Ia 4500
001 CTU_7229
008 210402s9999 xx 000 0 und d
082 |a 612.007 
082 |b Tr429/T1 
100 |a Nguyễn Tấn Gi Trọng 
245 0 |a Sinh lí học; T1 
245 0 |c Nguyễn Tấn Gi Trọng 
260 |a Hà Nội 
260 |b Y học thể dục thể thao 
260 |c 1970 
650 |a human physiology 
904 |i Nguyễn Quang Điền, 960601 
980 |a Trung tâm Học liệu Trường Đại học Cần Thơ